LEADER 00937nam a2200217 i 4500 001 000000178355 003 CaOOAMICUS 005 20090318000000.0 008 090318s1963 it u000 u ita u 013 $a155927 040 $aSeMil$bita 100 1 $aColapietra, Raffaele,$d<1931- >.$0(OLS)http://semarc/name/36504 245 13$aLa Chiesa tra Lamennais e Metternich :$bil pontificato di Leone 12. /$cRaffaele Colapietra. 260 $aBrescia :$bMorcelliana,$c1963. 300 $a562 p. ;$c20 cm. 490 0 $aBiblioteca di storia contemporanea ;$v. 830 0$aBiblioteca di storia contemporanea ;$v.$0(OLS)http://semarc/title/374 850 $aSeMil 852 $aSeMil$W1$xVenegono$y1$m3A II 77$j129132$B129132$CSeMilBibl$Z2$F140321 $81 996 $6245$aLa Chiesa tra Lamennais e Metternich :$bil pontificato di Leone 12.$9(OLS)http://semarc/title/256155 996 $6260$aBrescia :$bMorcelliana$9(OLS)http://semarc/publisher/29629 LEADER 00842nab a2200157 i 4500 001 000000263598 003 CaOOAMICUS 005 20060214000000.0 008 060214n xx uu u0 0und r 013 $a5406 040 $aSeMil$bita 245 10$aPendolari del globo :$bl'emigrazione filippina oltre gli stereotipi. - 86, VII p. - Contiene : Servizio PUM, Pontificia Unione Missionaria. - Titolo principale dalla copertina. 500 $aFEBBRAIO 2006. 773 0 $t[2006 : Gennaio-Maggio].$dMilano : PIMEdit, 2006.$w()146945 774 0 $aDel Prete, Vito $tMa la missione è davvero la bussola [Editoriale]. - In.$w()304896 996 $6245$aPendolari del globo :$bl'emigrazione filippina oltre gli stereotipi. - 86, VII p. - Contiene : Servizio PUM, Pontificia Unione Missionaria. - Titolo principale dalla copertina.$9(OLS)http://semarc/title/356584